|
|
|
|
| LEADER |
00000nab a2200000 a 4500 |
| 001 |
vtls010058556 |
| 003 |
SK-MaSNL |
| 005 |
20260305004827.0 |
| 008 |
250708|2009 xo |||||||||||1|| b|slo |
| 015 |
|
|
|a SNBRB2010/01
|2 snkbucl
|
| 035 |
|
|
|a (uuid)c1be9311-31a8-48e2-8eb3-74ecf9c7259d
|
| 035 |
|
|
|a urn:nbn:sk:snk-ab2opc
|
| 035 |
|
|
|a (urnnbn)urn:nbn:sk:snk:ar-a02pgw
|
| 038 |
|
|
|a SNKBUCL
|
| 040 |
|
|
|a SNKBUCL
|b slo
|c SNKBUCL
|e AACR2
|
| 041 |
0 |
|
|a slo
|
| 044 |
|
|
|a xo
|c SK
|
| 080 |
|
|
|a 623.442-051
|2 2001
|
| 080 |
|
|
|a 623.442
|x (437.3)
|2 2001
|
| 080 |
|
|
|a 623.44
|x (437.3)
|2 2001
|
| 100 |
1 |
|
|a Díte, Tibor
|4 aut
|9 6752
|
| 245 |
1 |
0 |
|a A. V. Lebeda - nekorunovaný král českých puškařů
|c Tibor Díte
|
| 600 |
1 |
7 |
|a Lebeda, Antonín Vincenc,
|d 1797-1857
|2 snkbucl
|9 1582929
|
| 610 |
2 |
7 |
|a Lebeda (firma)
|2 snkbucl
|9 1582930
|
| 648 |
|
7 |
|a 19. stor.
|2 snkbucl
|9 278793
|
| 650 |
0 |
7 |
|a puškárstvo
|2 snkbucl
|9 26340
|
| 650 |
0 |
7 |
|a puškári
|2 snkbucl
|9 877886
|
| 650 |
0 |
7 |
|a katalógy výstav
|2 snkbucl
|9 353281
|
| 651 |
|
7 |
|a Česko
|2 snkbucl
|9 16753
|
| 651 |
|
7 |
|a Praha (Česko)
|2 snkbucl
|9 19313
|
| 655 |
|
7 |
|a recenzie
|2 snkbucl
|9 21907
|
| 655 |
|
7 |
|a obrazové publikácie
|2 snkbucl
|9 70343
|
| 773 |
0 |
|
|t Múzeum
|g Roč. LV, č. 4 (2009), s. 57
|x 0027-5263
|
| 787 |
0 |
8 |
|i Rec.:
|t A.V. Lebeda - nekorunovaný král českých puškařů : historie puškařské firmy Lebeda
|d Ostrava : Ostravské muzeum, 2009
|z 9788090431607
|
| 850 |
|
|
|a Slovenská národná knižnica
|
| 852 |
|
|
|a Slovenská národná knižnica
|
| 954 |
|
|
|a odborná, vedecká literatúra pôvodná (slovenská)
|2 lita
|
| 958 |
|
|
|a article27
|
| 958 |
|
|
|a OND
|
| 958 |
|
|
|a EUIPO
|
| 999 |
|
|
|c 3237751
|d 3239681
|